Regionen von Italien - Karten Quiz - Statistiken

Allgemein
  • Dieses Quiz wurde 622 mal gespielt
  • Das Durchschnittsergebnis liegt bei 11 aus 20
Antworten auf der Karte
Die Antworten werden auf der Karte rot bzw. grün angezeigt, abhängig davon wie oft sie richtig erraten wurden.
 
Antwortstatistiken
Antwort % Korrekt
Sardinien
93%
Sizilien
92%
Toskana
74%
Trentino-Südtirol
70%
Latium
64%
Venetien
61%
Friaul-Julisch Venetien
59%
Kalabrien
57%
Lombardei
56%
Piemont
55%
Aostatal
54%
Emilia-Romagna
54%
Ligurien
51%
Apulien
47%
Kampanien
41%
Basilikata
33%
Marken
31%
Umbrien
31%
Molise
30%
Abruzzen
27%
Keine übereinstimmenden Quizze gefunden
Verteilung der Resultate
Anzahl Personen mit jedem Resultat
Perzentil nach korrekt beantworteten Fragen
Ihre Resultats-Entwicklung
Sie haben dieses Quiz noch nicht gespielt